<?xml version="1.0" encoding="UTF-8"?>
<record
    xmlns:xsi="http://www.w3.org/2001/XMLSchema-instance"
    xsi:schemaLocation="http://www.loc.gov/MARC21/slim http://www.loc.gov/standards/marcxml/schema/MARC21slim.xsd"
    xmlns="http://www.loc.gov/MARC21/slim">

  <leader>01297nam a2200265 a 4500</leader>
  <controlfield tag="005">20170127145017.0</controlfield>
  <controlfield tag="008">050619s2007    ck     jr     0001ddspa d</controlfield>
  <datafield tag="015" ind1=" " ind2=" ">
    <subfield code="a">ck-2007-xxxx</subfield>
  </datafield>
  <datafield tag="020" ind1=" " ind2=" ">
    <subfield code="a">9789587045376</subfield>
  </datafield>
  <datafield tag="040" ind1=" " ind2=" ">
    <subfield code="a">CO-BoBLA </subfield>
    <subfield code="c">CO-BoBLA</subfield>
  </datafield>
  <datafield tag="041" ind1="0" ind2=" ">
    <subfield code="a">spa</subfield>
  </datafield>
  <datafield tag="043" ind1=" " ind2=" ">
    <subfield code="a">e-sp---</subfield>
  </datafield>
  <datafield tag="090" ind1=" " ind2=" ">
    <subfield code="a">I-ALF</subfield>
    <subfield code="b">02</subfield>
  </datafield>
  <datafield tag="100" ind1=" " ind2=" ">
    <subfield code="a">Sierra i Fabra, Jordi, </subfield>
    <subfield code="d">1947-</subfield>
    <subfield code="e">autor</subfield>
  </datafield>
  <datafield tag="245" ind1="1" ind2="3">
    <subfield code="a">El camino de las siete lunas / </subfield>
    <subfield code="c">Jordi Sierra i Fabra ; ilustraciones Carlo Guillot.</subfield>
  </datafield>
  <datafield tag="260" ind1="3" ind2=" ">
    <subfield code="a">Bogot&#xE1; : </subfield>
    <subfield code="b">Distribuidora y Editora Aguilar, Altea, Taurus, Alfaguara,</subfield>
    <subfield code="c">2007.</subfield>
  </datafield>
  <datafield tag="300" ind1=" " ind2=" ">
    <subfield code="a">125 paginas: </subfield>
    <subfield code="b">ilustraciones </subfield>
    <subfield code="c">20 x 11 cm.</subfield>
  </datafield>
  <datafield tag="520" ind1="3" ind2=" ">
    <subfield code="a">Un viol&#xED;n pierde una cuerda y los encargados de reemplazarla ser&#xE1;n dos protagonistas que tendr&#xE1;n que enfrentarse a siete particulares lunas. Ellas les demostraran que para conseguir lo que se desea, solo es necesario un poco de paciencia, algo de determinaci&#xF3;n y mucha, mucha m&#xFA;sica. .. Una obra de teatro que involucrara a las &#xE1;reas art&#xED;sticas y creativas y que pondr&#xE1; a los ni&#xF1;os a hacer divertidas representaciones.</subfield>
  </datafield>
  <datafield tag="650" ind1=" " ind2="4">
    <subfield code="a">M&#xFA;sica</subfield>
    <subfield code="v"> Teatro.</subfield>
  </datafield>
  <datafield tag="650" ind1=" " ind2="4">
    <subfield code="a">Teatro escolar e infantil esp&#xE1;nol.</subfield>
  </datafield>
  <datafield tag="651" ind1=" " ind2=" ">
    <subfield code="a">Luna</subfield>
    <subfield code="v"> Teatro.</subfield>
  </datafield>
  <datafield tag="700" ind1="1" ind2="2">
    <subfield code="a">Guillot, Carlo, </subfield>
    <subfield code="e">il.</subfield>
  </datafield>
  <datafield tag="942" ind1=" " ind2=" ">
    <subfield code="2">z</subfield>
    <subfield code="c">LIBRO</subfield>
  </datafield>
  <datafield tag="949" ind1=" " ind2=" ">
    <subfield code="a">n       </subfield>
    <subfield code="b">n</subfield>
  </datafield>
  <datafield tag="999" ind1=" " ind2=" ">
    <subfield code="c">19240</subfield>
    <subfield code="d">19240</subfield>
  </datafield>
  <datafield tag="952" ind1=" " ind2=" ">
    <subfield code="0">0</subfield>
    <subfield code="1">0</subfield>
    <subfield code="2">z</subfield>
    <subfield code="4">0</subfield>
    <subfield code="7">0</subfield>
    <subfield code="8">INFANTIL</subfield>
    <subfield code="I">INV2017</subfield>
    <subfield code="a">Bogota</subfield>
    <subfield code="b">Bogota</subfield>
    <subfield code="d">2017-01-27</subfield>
    <subfield code="e">Instituto</subfield>
    <subfield code="g">20000.00</subfield>
    <subfield code="l">1</subfield>
    <subfield code="o">I-ALF-02</subfield>
    <subfield code="p">042366</subfield>
    <subfield code="r">2018-01-29 00:00:00</subfield>
    <subfield code="s">2018-01-29</subfield>
    <subfield code="t">Ej. 1</subfield>
    <subfield code="w">2017-01-27</subfield>
    <subfield code="x">Donacion</subfield>
    <subfield code="y">LIBRO</subfield>
  </datafield>
</record>
